<?xml version="1.0" encoding="UTF-8"?>
<record
    xmlns:xsi="http://www.w3.org/2001/XMLSchema-instance"
    xsi:schemaLocation="http://www.loc.gov/MARC21/slim http://www.loc.gov/standards/marcxml/schema/MARC21slim.xsd"
    xmlns="http://www.loc.gov/MARC21/slim">

  <leader>01149cam a2200289 a 4500</leader>
  <controlfield tag="005">20140925155206.0</controlfield>
  <controlfield tag="008">130318s2013    dcu           001 0 eng  </controlfield>
  <datafield tag="010" ind1=" " ind2=" ">
    <subfield code="a">2013011060</subfield>
  </datafield>
  <datafield tag="020" ind1=" " ind2=" ">
    <subfield code="a">9780890425565 (pbk. : alk. paper)</subfield>
  </datafield>
  <datafield tag="035" ind1=" " ind2=" ">
    <subfield code="a">(DNLM)101604222</subfield>
  </datafield>
  <datafield tag="040" ind1=" " ind2=" ">
    <subfield code="a">DNLM/DLC</subfield>
    <subfield code="c">DLC</subfield>
    <subfield code="d">DLC</subfield>
  </datafield>
  <datafield tag="042" ind1=" " ind2=" ">
    <subfield code="a">pcc</subfield>
  </datafield>
  <datafield tag="050" ind1="0" ind2="0">
    <subfield code="a">RC 470</subfield>
    <subfield code="b">.Am44 2013</subfield>
  </datafield>
  <datafield tag="110" ind1="2" ind2=" ">
    <subfield code="a">American Psychiatric Association.</subfield>
  </datafield>
  <datafield tag="245" ind1="1" ind2="0">
    <subfield code="a">Desk reference to the diagnostic criteria from DSM-5 /</subfield>
    <subfield code="c">American Psychiatric Association.</subfield>
  </datafield>
  <datafield tag="246" ind1="3" ind2="0">
    <subfield code="a">Diagnostic criteria from DSM-5.</subfield>
  </datafield>
  <datafield tag="260" ind1=" " ind2=" ">
    <subfield code="a">Washington, DC :</subfield>
    <subfield code="b">American Psychiatric Publishing,</subfield>
    <subfield code="c">&#xA9;2013.</subfield>
  </datafield>
  <datafield tag="300" ind1=" " ind2=" ">
    <subfield code="a">xlviii, 395 pages ;</subfield>
    <subfield code="c">17 cm.</subfield>
  </datafield>
  <datafield tag="500" ind1=" " ind2=" ">
    <subfield code="a">"The Desk reference to the diagnosis criteria from DSM-5 is meant to be used in conjunction with the full DSM-5"--p. vii.</subfield>
  </datafield>
  <datafield tag="630" ind1="0" ind2="2">
    <subfield code="a">Diagnostic and statistical manual of mental disorders.</subfield>
    <subfield code="s">5th ed.</subfield>
  </datafield>
  <datafield tag="650" ind1=" " ind2="0">
    <subfield code="a">Psychiatric disability evaluation.</subfield>
  </datafield>
  <datafield tag="650" ind1=" " ind2="0">
    <subfield code="a">Managed mental health care.</subfield>
  </datafield>
  <datafield tag="650" ind1="1" ind2="2">
    <subfield code="a">Mental Disorders</subfield>
    <subfield code="x">diagnosis.</subfield>
  </datafield>
  <datafield tag="650" ind1="2" ind2="2">
    <subfield code="a">Mental Disorders</subfield>
    <subfield code="x">classification.</subfield>
  </datafield>
  <datafield tag="710" ind1="2" ind2=" ">
    <subfield code="a">American Psychiatric Association.</subfield>
  </datafield>
  <datafield tag="942" ind1=" " ind2=" ">
    <subfield code="2">lcc</subfield>
    <subfield code="c">BK</subfield>
    <subfield code="k">FOR</subfield>
  </datafield>
  <datafield tag="999" ind1=" " ind2=" ">
    <subfield code="c">275888</subfield>
    <subfield code="d">275888</subfield>
  </datafield>
  <datafield tag="952" ind1=" " ind2=" ">
    <subfield code="0">0</subfield>
    <subfield code="1">0</subfield>
    <subfield code="2">lcc</subfield>
    <subfield code="4">0</subfield>
    <subfield code="a">CL</subfield>
    <subfield code="b">CL</subfield>
    <subfield code="c">RES</subfield>
    <subfield code="d">2014-09-25</subfield>
    <subfield code="e">Library Fund</subfield>
    <subfield code="g">5520.00</subfield>
    <subfield code="l">12</subfield>
    <subfield code="m">39</subfield>
    <subfield code="o">RC 470 .Am44 2013</subfield>
    <subfield code="p">C18666</subfield>
    <subfield code="q">2020-03-11</subfield>
    <subfield code="r">2020-02-01 00:00:00</subfield>
    <subfield code="s">2020-02-01</subfield>
    <subfield code="w">2014-09-25</subfield>
    <subfield code="y">BK</subfield>
  </datafield>
</record>
